[Event "Top Jeunes"]
[Site "Créteil"]
[Date "20.??.??"]
[Round "1.10"]
[White "Le, Quan Anh"]
[Black "Malandre, Lucie"]
[Result "1-0"]
[WhiteElo "1420"]
[BlackElo "1009"]
[PlyCount "37"]
[EventDate "20.??.??"]
[WhiteTeam "Créteil"]
[BlackTeam "Lyon"]

1. e4 e5 2. Nf3 Nc6 3. Bb5 Nf6 4. O-O Bc5 5. Bxc6 bxc6 6. Nxe5 Nxe4 7. Nc3 Ng5
8. d4 Bxd4 9. Qxd4 Ne6 10. Qe3 O-O 11. Qg3 d6 12. Nd3 Ba6 13. b3 Nc5 14. Bb2
Nxd3 15. cxd3 Bxd3 16. Qxd3 Qd7 17. Na4 Rfe8 18. Qg3 Re7 19. Qxg7# 1-0

[Event "Top Jeunes"]
[Site "Créteil"]
[Date "20.??.??"]
[Round "1.1"]
[White "Aflalo, Sophie"]
[Black "Martin, Axel"]
[Result "0-1"]
[WhiteElo "2031"]
[BlackElo "1952"]
[PlyCount "134"]
[EventDate "20.??.??"]
[WhiteTeam "A.E.C.E."]
[BlackTeam "Saint Mandé"]

1. e4 e5 2. Nf3 Nc6 3. d4 exd4 4. Nxd4 Bc5 5. Be3 Qf6 6. c3 Nge7 7. Bc4 b6 8.
O-O O-O 9. Na3 Bb7 10. f3 Rfd8 11. Nac2 d5 12. Be2 Bd6 13. Qe1 Bf4 14. Bf2 Nxd4
15. Bxd4 Be5 16. Bd3 dxe4 17. fxe4 Qd6 18. g3 c5 19. Bxe5 Qxd3 20. Qf2 f6 21.
Rae1 Bxe4 22. Ne3 Ng6 23. Rd1 Qb5 24. Bxf6 Rxd1 25. Rxd1 Rf8 26. Ng4 Bb7 27.
Rd8 Qc6 28. Kf1 Qh1+ 29. Ke2 Qe4+ 30. Ne3 gxf6 31. Rxf8+ Nxf8 32. Qxf6 Ba6+ 33.
Kf2 Qg6 34. Qf4 Ne6 35. Qb8+ Nf8 36. Qf4 Bd3 37. Ng4 Nd7 38. h4 h5 39. Nh6+ Kg7
40. Qe3 Qxh6 41. Qxd3 Qf6+ 42. Kg2 Ne5 43. Qd1 Ng4 44. Qd7+ Qf7 45. Qd2 Qd5+
46. Qxd5 Ne3+ 47. Kf3 Nxd5 48. g4 hxg4+ 49. Kxg4 Ne3+ 50. Kf4 Nd1 51. Ke5 Nxb2
52. Kd5 Nd1 53. Kc4 Kg6 54. a4 Kh5 55. a5 Nxc3 56. Kxc3 b5 57. a6 Kxh4 58. Kd3
Kg5 59. Ke4 b4 60. Kd3 Kf5 61. Kc4 Ke6 62. Kxc5 b3 63. Kc6 b2 64. Kb7 b1=Q+ 65.
Kxa7 Kd7 66. Ka8 Kc7 67. Ka7 Qb8# 0-1

[Event "Top Jeunes"]
[Site "Créteil"]
[Date "20.??.??"]
[Round "1.2"]
[White "Grigorian, Roudolph"]
[Black "Ralaivao, Maxence"]
[Result "1-0"]
[WhiteElo "1888"]
[BlackElo "1868"]
[PlyCount "95"]
[EventDate "20.??.??"]
[WhiteTeam "Saint Mandé"]
[BlackTeam "A.E.C.E."]

1. e4 e6 2. d4 d5 3. Nd2 Nf6 4. e5 Nfd7 5. Bd3 c5 6. c3 Nc6 7. Ne2 cxd4 8. cxd4
Be7 9. O-O O-O 10. f4 f5 11. Nf3 b6 12. a3 Kh8 13. Ng5 Bxg5 14. fxg5 g6 15. Be3
Qe7 16. h4 Nd8 17. Qe1 Bb7 18. Qg3 Rg8 19. Rac1 Nc6 20. Kf2 Rac8 21. Nf4 Na5
22. h5 Rxc1 23. Rxc1 Nf8 24. hxg6 hxg6 25. Qh4+ Qh7 26. Qxh7+ Kxh7 27. Bb5 a6
28. Be8 Rg7 29. Bd2 Nb3 30. Rh1+ Kg8 31. Bb4 Rh7 32. Rxh7 Nxh7 33. Nxe6 Bc8 34.
Nc7 Nxd4 35. Nxd5 Be6 36. Ne7+ Kg7 37. Bd2 Kf8 38. Bxg6 Kxe7 39. Bxh7 Kf7 40.
g6+ Kg7 41. Be3 Nc6 42. Bxb6 Nxe5 43. Bd4 Kf6 44. Bxe5+ Kxe5 45. g7 Kf6 46.
g8=Q Bxg8 47. Bxg8 Ke5 48. Kf3 1-0

[Event "Top Jeunes"]
[Site "Créteil"]
[Date "20.??.??"]
[Round "1.3"]
[White "Stark, Gabriel"]
[Black "Rodriguez, Adrien"]
[Result "1/2-1/2"]
[WhiteElo "1778"]
[BlackElo "1859"]
[PlyCount "113"]
[EventDate "20.??.??"]
[WhiteTeam "A.E.C.E."]
[BlackTeam "Saint Mandé"]

1. d4 Nf6 2. c4 c5 3. d5 b5 4. cxb5 a6 5. b6 d6 6. a4 Qxb6 7. a5 Qc7 8. Nc3 g6
9. e4 Bg7 10. f4 O-O 11. Be2 Bb7 12. Nf3 Nbd7 13. O-O Rfe8 14. Re1 e6 15. Bc4
exd5 16. Nxd5 Bxd5 17. Bxd5 Nxd5 18. Qxd5 Rab8 19. Rd1 Nf6 20. Qxd6 Qxd6 21.
Rxd6 Nxe4 22. Rxa6 Red8 23. Kf1 Bxb2 24. Bxb2 Rxb2 25. Rc6 Nd2+ 26. Kg1 Nb3 27.
Re1 Nxa5 28. Rxc5 Nb7 29. Rc7 Ra8 30. Ng5 Nd6 31. Rd7 h6 32. Nf3 Nf5 33. g4 Ng7
34. Rd2 Rb4 35. Rd4 Raa4 36. Red1 Ne6 37. Rxb4 Rxb4 38. Kf2 Rxf4 39. Kg3 h5 40.
gxh5 gxh5 41. h3 Re4 42. Rd5 Ng7 43. Rd8+ Re8 44. Rxe8+ Nxe8 45. Kh4 Ng7 46.
Kg5 Kf8 47. Nd4 Ke7 48. Nf5+ Nxf5 49. Kxf5 f6 50. Kg6 h4 51. Kh5 Ke6 52. Kxh4
Kf5 53. Kg3 Kg5 54. h4+ Kh5 55. Kf4 Kxh4 56. Kf5 Kh5 57. Kxf6 1/2-1/2

[Event "Top Jeunes"]
[Site "Créteil"]
[Date "20.??.??"]
[Round "1.4"]
[White "Dumas, Charles"]
[Black "Letheux, Mathias"]
[Result "1-0"]
[WhiteElo "1800"]
[BlackElo "1374"]
[PlyCount "75"]
[EventDate "20.??.??"]
[WhiteTeam "Saint Mandé"]
[BlackTeam "A.E.C.E."]

1. e4 e6 2. d4 d5 3. e5 c5 4. c3 Nc6 5. Be3 Qb6 6. Qd2 f6 7. exf6 Nxf6 8. Bd3
Bd6 9. Nf3 O-O 10. O-O Bd7 11. dxc5 Bxc5 12. Bxc5 Qxc5 13. Qe2 a5 14. a4 Qd6
15. Re1 Ng4 16. Bxh7+ Kh8 17. Bc2 Rxf3 18. Qxf3 Qxh2+ 19. Kf1 Qh4 20. Qh3 g5
21. Qxh4+ gxh4 22. Nd2 Nce5 23. f3 Rf8 24. Kg1 Nxf3+ 25. Nxf3 Kg7 26. Ne5 Nxe5
27. Rxe5 Rf6 28. Rf1 Rxf1+ 29. Kxf1 Kf6 30. Rh5 e5 31. Rxh4 e4 32. Ke2 Bc6 33.
Ke3 Kf5 34. Bb3 Kg5 35. Rh8 Kg4 36. Rd8 Kg3 37. Bxd5 Bxd5 38. Rxd5 1-0

[Event "Top Jeunes"]
[Site "Créteil"]
[Date "20.??.??"]
[Round "1.5"]
[White "Stark, Antoine"]
[Black "Albaric, Etienne"]
[Result "1-0"]
[WhiteElo "1675"]
[BlackElo "1707"]
[PlyCount "113"]
[EventDate "20.??.??"]
[WhiteTeam "A.E.C.E."]
[BlackTeam "Saint Mandé"]

1. d4 Nf6 2. c4 g6 3. Nc3 d5 4. cxd5 Nxd5 5. e4 Nxc3 6. bxc3 Bg7 7. Nf3 c5 8.
Rb1 b6 9. Bc4 e6 10. O-O cxd4 11. cxd4 O-O 12. e5 Ba6 13. Bxa6 Nxa6 14. Bg5 Qd7
15. Qd2 Nc7 16. Bh6 Nd5 17. Rb3 Ne7 18. Bxg7 Kxg7 19. Ng5 Nf5 20. Rh3 h5 21.
Ne4 Qxd4 22. Qf4 Rh8 23. Kh1 Rac8 24. f3 Qe3 25. Qg5 Qxg5 26. Nxg5 Rhd8 27. g4
Ne3 28. Rg1 hxg4 29. fxg4 Nc4 30. Rh7+ Kg8 31. Rxf7 Nxe5 32. Rxa7 Rd4 33. h3
Re8 34. Nh7 Rf4 35. g5 Nf3 36. Rf1 Rd8 37. Nf6+ Kf8 38. Ra3 Rdd4 39. Raxf3 Rxf3
40. Rxf3 Rd1+ 41. Kg2 Rd2+ 42. Rf2 Rd4 43. Nd5+ Kg7 44. Nxb6 Rb4 45. Nd7 Rb5
46. Re2 Rxg5+ 47. Kf3 Rd5 48. Ne5 Kf6 49. h4 Rxe5 50. Rxe5 Kxe5 51. a4 Kd4 52.
a5 Kc5 53. Ke4 Kb5 54. Ke5 Kxa5 55. Kxe6 Kb6 56. Kf6 Kc6 57. Kxg6 1-0

[Event "Top Jeunes"]
[Site "Créteil"]
[Date "20.??.??"]
[Round "1.6"]
[White "Roque, Gaetan"]
[Black "Le Cour, Hugo"]
[Result "0-1"]
[WhiteElo "1561"]
[BlackElo "1372"]
[PlyCount "81"]
[EventDate "20.??.??"]
[WhiteTeam "Saint Mandé"]
[BlackTeam "A.E.C.E."]

1. d4 Nf6 2. c4 g6 3. Nc3 Bg7 4. e4 d6 5. Nf3 O-O 6. Be2 c5 7. d5 e6 8. O-O
exd5 9. cxd5 Re8 10. Bd3 Bg4 11. h3 Bxf3 12. Qxf3 Nbd7 13. Bf4 Ne5 14. Qe3 a6
15. Bxe5 Rxe5 16. Rfe1 Re8 17. Kf1 h5 18. Bc4 Kh7 19. Re2 Bh6 20. Qf3 Bg7 21.
Rae1 Nd7 22. Bb3 Ne5 23. Qg3 Rc8 24. f4 Nd7 25. e5 dxe5 26. fxe5 Nxe5 27. Rxe5
Bxe5 28. Qd3 Qf6+ 29. Qf3 Bxc3 30. bxc3 Rxe1+ 31. Kxe1 Qxf3 32. gxf3 Kg7 33.
Ke2 Kf6 34. Ke3 Re8+ 35. Kd3 Ke5 36. Kc4 Kd6 37. Kd3 b5 38. a4 c4+ 39. Bxc4
bxc4+ 40. Kxc4 Rc8+ 41. Kd4 0-1

[Event "Top Jeunes"]
[Site "Créteil"]
[Date "20.??.??"]
[Round "1.7"]
[White "Coulet, Arthur"]
[Black "Parent, Leo"]
[Result "1-0"]
[WhiteElo "1325"]
[BlackElo "1009"]
[PlyCount "75"]
[EventDate "20.??.??"]
[WhiteTeam "A.E.C.E."]
[BlackTeam "Saint Mandé"]

1. d4 d5 2. c4 dxc4 3. e4 Nf6 4. Nc3 Bg4 5. f3 Bh5 6. Bxc4 e6 7. Bg5 h6 8. Bh4
Bb4 9. e5 Nbd7 10. exf6 Nxf6 11. Nge2 O-O 12. O-O Bd6 13. Ne4 Be7 14. N2c3 Nxe4
15. Bxe7 Qxe7 16. Nxe4 Qb4 17. Qc2 Qe7 18. Bd3 Bg6 19. Ng3 Bxd3 20. Qxd3 Qg5
21. Rae1 f6 22. Rxe6 Rad8 23. Qc4 Kh8 24. Qxc7 Rde8 25. Rxe8 Rxe8 26. Rd1 Qe3+
27. Kf1 Qe6 28. d5 Qa6+ 29. Kg1 Qa4 30. Rf1 Qd4+ 31. Kh1 Qd3 32. d6 Qd1 33. d7
Re2 34. Nxe2 Qxf1+ 35. Ng1 Kh7 36. d8=Q h5 37. Qde7 Qd3 38. Qxg7# 1-0

[Event "Top Jeunes"]
[Site "Créteil"]
[Date "20.??.??"]
[Round "1.8"]
[White "Coulet, Axel"]
[Black "Ruble, Louis"]
[Result "0-1"]
[WhiteElo "1190"]
[BlackElo "1009"]
[PlyCount "52"]
[EventDate "20.??.??"]
[WhiteTeam "A.E.C.E."]
[BlackTeam "Saint Mandé"]

1. d4 d5 2. c4 e6 3. e3 Bb4+ 4. Nc3 Bxc3+ 5. bxc3 Nf6 6. Bd3 Bd7 7. Nf3 dxc4 8.
Bxc4 Nc6 9. O-O Qe7 10. Qb3 O-O-O 11. Ba3 Qe8 12. Qa4 Ne4 13. Rac1 Kb8 14. Bb5
a6 15. Bxc6 Bxc6 16. Qb3 Bd5 17. c4 Bc6 18. Rb1 g5 19. Ne5 Nd2 20. Nxc6+ Qxc6
21. Qd1 Nxb1 22. Qxb1 Qxc4 23. Rc1 Qb5 24. Bb4 a5 25. Rc5 Qxb4 26. Qe4 Qe1# 0-1

[Event "Top Jeunes"]
[Site "Créteil"]
[Date "20.??.??"]
[Round "1.9"]
[White "Ruble, Louis"]
[Black "Coulet, Arthur"]
[Result "1/2-1/2"]
[WhiteElo "1009"]
[BlackElo "1325"]
[PlyCount "84"]
[EventDate "20.??.??"]
[WhiteTeam "Saint Mandé"]
[BlackTeam "A.E.C.E."]

1. d4 Nf6 2. Bf4 g6 3. Nc3 Bg7 4. e3 d6 5. Bc4 O-O 6. Qd2 c5 7. O-O-O a6 8.
dxc5 Qa5 9. cxd6 Qb4 10. dxe7 Re8 11. Bb3 Nc6 12. Nd5 Nxd5 13. Qxd5 Be6 14. Qd6
Qb6 15. c3 Bxb3 16. axb3 Qxb3 17. Qa3 Qxa3 18. bxa3 Bxc3 19. Ne2 Bg7 20. Rd7
Rac8 21. Rc7 Rxc7 22. Bxc7 Rxe7 23. Bd6 Rd7 24. Bg3 b5 25. Nf4 a5 26. Rd1 Rc7
27. Ne6 Rc8 28. Nxg7 Kxg7 29. Kb1 b4 30. axb4 Nxb4 31. Be5+ Kg8 32. Rc1 Ra8 33.
Bc3 Nd5 34. Ba1 a4 35. e4 Nb4 36. Rc4 Rb8 37. Be5 Re8 38. Rxb4 Rxe5 39. Rxa4 h5
40. f3 g5 41. g4 hxg4 42. fxg4 Kg7 1/2-1/2

[Event "Top Jeunes"]
[Site "Créteil"]
[Date "20.??.??"]
[Round "1.10"]
[White "Parent, Leo"]
[Black "Coulet, Axel"]
[Result "1-0"]
[WhiteElo "1009"]
[BlackElo "1190"]
[PlyCount "21"]
[EventDate "20.??.??"]
[WhiteTeam "Saint Mandé"]
[BlackTeam "A.E.C.E."]

1. e4 e6 2. d4 d5 3. e5 c5 4. dxc5 Bxc5 5. Bb5+ Nc6 6. Nf3 Nge7 7. O-O O-O 8.
Qd3 Qb6 9. Be3 a6 10. Ng5 axb5 11. Qxh7# 1-0

[Event "Top Jeunes"]
[Site "Créteil"]
[Date "20.??.??"]
[Round "1.8"]
[White "Malandre, Lucie"]
[Black "Legros, Aymeric"]
[Result "0-1"]
[WhiteElo "1009"]
[BlackElo "1370"]
[PlyCount "76"]
[EventDate "20.??.??"]
[WhiteTeam "Lyon"]
[BlackTeam "Créteil"]

1. e4 e5 2. Bc4 Nf6 3. Qf3 d5 4. exd5 e4 5. Qg3 Nxd5 6. Bb5+ c6 7. Bc4 Nf6 8.
Qb3 Qc7 9. f3 Bf5 10. d3 exd3 11. cxd3 b5 12. g3 bxc4 13. Qxc4 Qe5+ 14. Ne2 Bc5
15. f4 Qd5 16. Qc3 Qxh1+ 17. Kd2 Qd5 18. Qa5 Be3+ 19. Kxe3 Qxa5 20. a3 Qc5+ 21.
Kd2 O-O 22. b4 Qb5 23. Nbc3 Qxd3+ 24. Ke1 Re8 25. Kf2 Ng4+ 26. Kf1 Nxh2+ 27.
Kf2 Ng4+ 28. Kf1 Ne3+ 29. Bxe3 Rxe3 30. Rd1 Rf3+ 31. Ke1 Rxg3 32. Rxd3 Rxd3 33.
Nd1 Na6 34. Nec3 Bg4 35. Ne2 Re8 36. Nb2 Rxe2+ 37. Kf1 Rxb2 38. Ke1 Rd1# 0-1

[Event "Top Jeunes"]
[Site "Montpellier"]
[Date "2010.11.21"]
[Round "2.2"]
[White "Fuhrmann, Valentin"]
[Black "Baudry, Remi"]
[Result "1-0"]
[WhiteElo "1868"]
[BlackElo "1619"]
[PlyCount "125"]

1. d4 Nf6 2. c4 g6 3. Nc3 Bg7 4. e4 d6 5. Nf3 O-O 6. Be2 e5 7. O-O exd4 8. Nxd4
Re8 9. Bf3 Nbd7 10. Bg5 Ne5 11. Nd5 c6 12. Ne3 Qb6 13. Nb3 Nxf3+ 14. gxf3 Bh3
15. Re1 Qc7 16. Bf4 Rad8 17. c5 Bf8 18. Nc4 Re6 19. cxd6 Bxd6 20. Nxd6 Rexd6
21. Qc1 Nd7 22. Nd4 Rc8 23. Nb5 cxb5 24. Qxc7 Rxc7 25. Bxd6 Rc2 26. b3 Rc6 27.
e5 Be6 28. Rec1 Bd5 29. f4 Kg7 30. Rd1 Be6 31. Rac1 Nb6 32. Rc5 a6 33. Rdc1 Bd7
34. Rb1 Rxc5 35. Bxc5 Nd5 36. Be3 Kf8 37. Kg2 Ke7 38. Kg3 Bf5 39. Rc1 Kd7 40.
Kh4 h6 41. Kg3 Kd8 42. Bc5 Kd7 43. Bf8 h5 44. Bd6 Kd8 45. a3 Bd7 46. Kh4 Bf5
47. Kg5 Kd7 48. Rc5 Be6 49. f5 gxf5 50. Kxh5 Nf4+ 51. Kh4 Ng6+ 52. Kg5 Bxb3 53.
Kxf5 Be6+ 54. Kf6 b6 55. Rc7+ Kd8 56. Rc6 a5 57. Rxb6 b4 58. axb4 axb4 59. Rxb4
Kd7 60. f4 Nh4 61. Rb7+ Ke8 62. Re7+ Kd8 63. Rxf7 1-0

[Event "Top Jeunes"]
[Site "Montpellier"]
[Date "2010.11.21"]
[Round "2.3"]
[White "Robic, Damien"]
[Black "Bandet, Raphael"]
[Result "0-1"]
[WhiteElo "1476"]
[BlackElo "1764"]
[PlyCount "92"]

1. e4 e5 2. Nf3 Nc6 3. Bc4 Nf6 4. d3 Bc5 5. Nc3 d6 6. O-O Bg4 7. Be3 Nd4 8.
Bxd4 Bxd4 9. Na4 c6 10. c3 Bb6 11. b4 O-O 12. Qe2 Bc7 13. Nb2 d5 14. Bb3 Nh5
15. Qe3 Nf4 16. exd5 cxd5 17. Nxe5 Ne2+ 18. Kh1 Re8 19. d4 f6 20. f3 fxe5 21.
Qxe2 exd4 22. Qd3 dxc3 23. Qxc3 Be5 24. Qd2 Be6 25. Rae1 Bf7 26. Nd3 Bc7 27.
Nc5 Qh4 28. h3 Qg3 29. f4 Rxe1 30. Qxe1 Bxf4 31. Qxg3 Bxg3 32. Nxb7 Rb8 33. Nc5
Rxb4 34. Rf3 Bd6 35. Nd3 Rb7 36. Kg1 d4 37. Bxf7+ Rxf7 38. Rxf7 Kxf7 39. Kf2
Ke6 40. Ke2 Kd5 41. Nb2 Ke4 42. Nc4 d3+ 43. Kd2 Bb4+ 44. Kd1 Kd4 45. Nd2 Bxd2
46. Kxd2 Ke4 0-1

[Event "Top Jeunes"]
[Site "Montpellier"]
[Date "2010.11.21"]
[Round "2.4"]
[White "Dombre, Antoine"]
[Black "Bourgery, William"]
[Result "1/2-1/2"]
[WhiteElo "1625"]
[BlackElo "1575"]
[PlyCount "106"]

1. d4 d5 2. c4 c6 3. Nc3 Bf5 4. Nf3 e6 5. Bf4 Nf6 6. e3 Bd6 7. Bxd6 Qxd6 8. Bd3
Bxd3 9. Qxd3 Nbd7 10. O-O h5 11. c5 Qc7 12. b4 g5 13. Nxg5 O-O-O 14. Nxf7 Nxc5
15. bxc5 Qxf7 16. h4 Rhg8 17. g3 Rg4 18. Kh2 Qc7 19. Kh1 Rdg8 20. Rg1 Qf7 21.
Raf1 Ne4 22. Nxe4 Qf3+ 23. Kh2 Rxe4 24. Qd1 Qf5 25. Qe2 Reg4 26. Rg2 Qg6 27.
Rfg1 Qf6 28. Kh1 e5 29. Re1 e4 30. Rf1 Rf8 31. Rb1 Rfg8 32. a4 Rf8 33. a5 Qd8
34. a6 Rf7 35. axb7+ Rxb7 36. Qa6 Qc7 37. Rxb7 Qxb7 38. Qxb7+ Kxb7 39. Rg1 Rg7
40. Ra1 Rf7 41. Kg2 Rf6 42. Ra2 Rf7 43. Ra1 Rf6 44. Rf1 a5 45. Ra1 Ka6 46. Rb1
a4 47. Rb2 Ka5 48. Kf1 a3 49. Rb7 Ka4 50. Ra7+ Kb3 51. Rb7+ Ka2 52. Ke2 Ka1 53.
Rb6 a2 1/2-1/2

[Event "Top Jeunes"]
[Site "Montpellier"]
[Date "2010.11.21"]
[Round "2.5"]
[White "Ferrari, Louis"]
[Black "Bianchi, Tobias"]
[Result "1/2-1/2"]
[WhiteElo "1608"]
[BlackElo "1610"]
[PlyCount "96"]

1. c4 e6 2. Nc3 d5 3. cxd5 exd5 4. Nf3 c5 5. d4 Nc6 6. dxc5 d4 7. Ne4 Bf5 8.
Nd6+ Bxd6 9. cxd6 Qxd6 10. g3 Nge7 11. Bg2 O-O 12. O-O Rad8 13. Bf4 Qd7 14. Rc1
d3 15. exd3 Qxd3 16. Qxd3 Rxd3 17. Rfe1 Nd5 18. Nh4 Nxf4 19. Bxc6 bxc6 20. Nxf5
Ne6 21. Ne7+ Kh8 22. Red1 Rfd8 23. Rxd3 Rxd3 24. Nxc6 h6 25. Nxa7 Rd2 26. Rb1
Nd4 27. a4 Nb3 28. Nb5 Kh7 29. Nc3 Kg6 30. Kf1 Kf5 31. Ke1 Ke5 32. a5 Rd6 33.
Rd1 Nxa5 34. Rxd6 Kxd6 35. b4 Nc6 36. b5 Nd4 37. h4 Kc5 38. Kd2 Nxb5 39. Nxb5
Kxb5 40. Kd3 Kc5 41. Ke4 Kd6 42. f4 Ke6 43. g4 f6 44. h5 Ke7 45. Kd5 Kd7 46. f5
Ke7 47. Kc6 Ke8 48. Kd6 Kd8 1/2-1/2

[Event "Top Jeunes"]
[Site "Montpellier"]
[Date "2010.11.21"]
[Round "2.6"]
[White "Lavault, Jeremie"]
[Black "Baudry, Emilien"]
[Result "0-1"]
[WhiteElo "1460"]
[BlackElo "1559"]
[PlyCount "132"]

1. d4 Nf6 2. c4 c5 3. Nf3 e6 4. Bg5 cxd4 5. Nxd4 Qa5+ 6. Bd2 Qb6 7. Nb3 Ne4 8.
e3 Nc6 9. Be2 Nc5 10. Nxc5 Bxc5 11. Bc3 O-O 12. O-O Ne7 13. Bf3 d6 14. a3 Qc7
15. b4 Bb6 16. Nd2 a6 17. Bd4 Nf5 18. Ne4 Bxd4 19. exd4 e5 20. dxe5 dxe5 21.
Qc2 Nd4 22. Qd3 Rd8 23. Rac1 f5 24. Nc5 e4 25. Nxe4 fxe4 26. Qxe4 Rb8 27. Rfe1
Be6 28. Red1 Nxf3+ 29. Qxf3 Rxd1+ 30. Qxd1 Qf7 31. c5 Bd5 32. f3 Bc6 33. h3 Qd5
34. Qxd5+ Bxd5 35. Rd1 Bc6 36. Kf2 Re8 37. Rd6 Re7 38. g3 Kf7 39. f4 Re6 40.
Rd4 Rf6 41. Rd8 Rf5 42. Ke3 g5 43. Rd4 gxf4+ 44. Rxf4 Rxf4 45. Kxf4 Kf6 46. g4
Kg6 47. Ke5 Kg5 48. Ke6 Bg2 49. Kf7 Bxh3 50. Kg7 h6 51. Kf7 Bxg4 52. Ke7 Bf3
53. Ke6 Kf4 54. a4 Bc6 55. b5 axb5 56. axb5 Bxb5 57. Kd6 Bc6 58. Kc7 h5 59. Kb6
h4 60. Kc7 h3 61. Kd6 h2 62. Kc7 h1=Q 63. Kb8 Qd5 64. Ka8 Qxc5 65. Kb8 b5 66.
Kc8 Qe7 0-1

[Event "Top Jeunes"]
[Site "Montpellier"]
[Date "2010.11.21"]
[Round "2.7"]
[White "Hebert, Floriane"]
[Black "Lavault, Samuel"]
[Result "1/2-1/2"]
[WhiteElo "1419"]
[BlackElo "1520"]
[PlyCount "89"]

1. e4 c5 2. Nf3 Nc6 3. Nc3 d6 4. Bb5 Bd7 5. d3 Nf6 6. h3 g6 7. Bg5 Bg7 8. O-O
O-O 9. Re1 Qc7 10. Qd2 Nd4 11. Nxd4 cxd4 12. Nd5 Nxd5 13. Bxd7 Qxd7 14. exd5
Rfe8 15. Qa5 a6 16. c3 dxc3 17. bxc3 Rac8 18. Rac1 Qf5 19. Bxe7 Qxd3 20. c4
Rxc4 21. Rxc4 Qxc4 22. Bxd6 Rxe1+ 23. Qxe1 Qc8 24. Qd2 Qd7 25. Bg3 b6 26. d6 b5
27. Kf1 Bf8 28. h4 h5 29. Qd5 b4 30. Qd1 Qb5+ 31. Kg1 Qd7 32. Bf4 a5 33. Qd4 a4
34. Qd3 b3 35. axb3 axb3 36. Qxb3 Bxd6 37. Bxd6 Qxd6 38. g3 Kg7 39. Kh2 Qd2 40.
Qe3 Qxe3 41. fxe3 f5 42. Kg2 Kf6 43. Kf3 Ke5 44. Kf2 Ke4 45. Ke2 1/2-1/2

[Event "Top Jeunes"]
[Site "Montpellier"]
[Date "2010.11.21"]
[Round "2.8"]
[White "Marcenac, Delphine"]
[Black "Lary, Damien"]
[Result "1-0"]
[WhiteElo "1290"]
[BlackElo "1410"]
[PlyCount "85"]

1. e4 e5 2. Nf3 Nc6 3. Bc4 Bc5 4. Nc3 Nf6 5. d3 O-O 6. O-O a6 7. h3 b5 8. Bb3
Na5 9. Nxe5 d6 10. Nf3 Nxb3 11. axb3 d5 12. Bg5 dxe4 13. Nxe4 Be7 14. Bxf6 Bxf6
15. Qc1 Bb7 16. Re1 Re8 17. Nxf6+ Qxf6 18. Qg5 Qxg5 19. Nxg5 h6 20. Rxe8+ Rxe8
21. Nf3 Bxf3 22. gxf3 Re2 23. Rc1 Kh7 24. f4 Kg6 25. Kg2 Re6 26. Kg3 Rd6 27.
Re1 Kf5 28. Re5+ Kf6 29. Kg4 Rc6 30. c3 Rd6 31. d4 Re6 32. Rf5+ Kg6 33. h4 Re2
34. h5+ Kh7 35. f3 Rxb2 36. Rxf7 Rxb3 37. Rxc7 a5 38. d5 Rb2 39. d6 Kg8 40. d7
Kf7 41. d8=Q+ Ke6 42. Re7+ Kf6 43. Qf8# 1-0

[Event "Top Jeunes"]
[Site "Montpellier"]
[Date "2010.11.21"]
[Round "2.9"]
[White "Lary, Damien"]
[Black "Hebert, Floriane"]
[Result "0-1"]
[WhiteElo "1410"]
[BlackElo "1419"]
[PlyCount "104"]

1. e4 e5 2. Nf3 Nc6 3. Bc4 Bc5 4. O-O d6 5. Nc3 Nf6 6. d3 h6 7. Nd5 Bg4 8. h3
Bh5 9. c3 Nxd5 10. Bxd5 O-O 11. Bxc6 bxc6 12. d4 exd4 13. cxd4 Bb6 14. Qc2 Bxf3
15. gxf3 c5 16. dxc5 Bxc5 17. Rd1 Qf6 18. Qe2 Qg6+ 19. Kh2 Rae8 20. Rg1 Qf6 21.
Rg3 d5 22. Qc2 Bd6 23. exd5 Bxg3+ 24. Kxg3 Qd6+ 25. Bf4 Qxd5 26. Qxc7 Ra8 27.
Qd6 Qxd6 28. Bxd6 Rfd8 29. Be5 f6 30. Bc3 a5 31. Rg1 Kh7 32. Re1 a4 33. Re7 Rf8
34. a3 Kg8 35. Kf4 Rfe8 36. Rxe8+ Rxe8 37. Kg3 Rc8 38. Kg2 Kf7 39. Kf1 g5 40.
Ke2 Kg6 41. Kd3 f5 42. Ke3 h5 43. f4 Rc4 44. fxg5 Kxg5 45. Kf3 h4 46. Ke3 f4+
47. Kd3 Rc7 48. Kd4 Kf5 49. Kd5 f3 50. Kd4 Ke6 51. Bd2 Kd7 52. Bf4 Rc2 0-1

[Event "Top Jeunes"]
[Site "Montpellier"]
[Date "2010.11.21"]
[Round "2.1"]
[White "Giroyan, Gary"]
[Black "Cabanes, Kim"]
[Result "1/2-1/2"]
[WhiteElo "2258"]
[BlackElo "1990"]
[PlyCount "100"]

1. e4 c6 2. d4 d5 3. e5 c5 4. dxc5 Nc6 5. Nf3 Bg4 6. Bb5 Qa5+ 7. Nc3 e6 8. Be3
Nge7 9. h3 Bxf3 10. Qxf3 a6 11. Ba4 Ng6 12. a3 Ngxe5 13. Qe2 Qd8 14. O-O-O Be7
15. Bd4 Nd7 16. Bxg7 Rg8 17. Bd4 Rxg2 18. Rhe1 Nxd4 19. Rxd4 Kf8 20. Qf3 Rg6
21. Nxd5 Nxc5 22. Nxe7 Qxd4 23. Nxg6+ hxg6 24. Rd1 Qe5 25. Bb3 Rc8 26. Kb1 b5
27. h4 a5 28. Ba2 a4 29. Qg3 Qxg3 30. fxg3 Ke7 31. c3 Rd8 32. Rxd8 Kxd8 33. Kc2
Ke7 34. Bb1 f5 35. Kd2 Kf6 36. Ke3 e5 37. Bc2 Nb7 38. c4 bxc4 39. Bxa4 g5 40.
hxg5+ Kxg5 41. Bc6 Na5 42. Bf3 Nb3 43. Bd1 Nc5 44. a4 Kf6 45. a5 Ke6 46. Bc2
Na6 47. Ba4 Kd5 48. Bd7 f4+ 49. gxf4 exf4+ 50. Kxf4 Kc5 1/2-1/2

[Event "Top Jeunes"]
[Site "Montpellier"]
[Date "2010.11.21"]
[Round "2.2"]
[White "Allamel, Benjamin"]
[Black "Neri, Jean-Baptiste"]
[Result "0-1"]
[WhiteElo "1531"]
[BlackElo "2063"]
[PlyCount "88"]

1. e4 c5 2. Nf3 Nc6 3. Bc4 e6 4. Nc3 a6 5. a4 Qc7 6. d3 Nf6 7. Bg5 Be7 8. Qd2
d6 9. h3 Bd7 10. Rg1 Na5 11. g4 Nxc4 12. dxc4 Bc6 13. Qe3 Qb6 14. Kd2 Qb4 15.
Bxf6 Bxf6 16. g5 Bxc3+ 17. Qxc3 Qxc3+ 18. Kxc3 Bxe4 19. Nd2 Bf5 20. h4 Rc8 21.
Rge1 O-O 22. Ne4 Bxe4 23. Rxe4 Rfd8 24. Rd1 Kf8 25. Ree1 Rc7 26. f4 d5 27. cxd5
exd5 28. Re5 b5 29. axb5 axb5 30. f5 d4+ 31. Kd2 f6 32. gxf6 gxf6 33. Re6 Kf7
34. h5 Rd5 35. Rf1 Rxf5 36. Rxf5 Kxe6 37. Rf3 c4 38. h6 Rc5 39. Rh3 Rg5 40. b3
Rg2+ 41. Kc1 c3 42. Rh1 b4 43. Rd1 Kd5 44. Rd3 Rg1+ 0-1

[Event "Top Jeunes"]
[Site "Montpellier"]
[Date "2010.11.21"]
[Round "2.3"]
[White "Lamard, Guillaume"]
[Black "Agussol, Lucas"]
[Result "1-0"]
[WhiteElo "2152"]
[BlackElo "1586"]
[PlyCount "61"]

1. d4 d5 2. Nf3 Nf6 3. c4 c6 4. Qc2 g6 5. Bf4 Bg7 6. e3 Bf5 7. Qb3 Qc8 8. Nc3
e6 9. Bd6 Nbd7 10. Be2 dxc4 11. Bxc4 Nb6 12. Be2 Qd7 13. Ba3 Nfd5 14. O-O Nxc3
15. bxc3 Qd5 16. c4 Qd7 17. Ne5 Qc7 18. Rac1 Bxe5 19. dxe5 O-O-O 20. Bd6 Qd7
21. g4 Rhg8 22. gxf5 gxf5+ 23. Kh1 f6 24. f4 Rg6 25. Qa3 a6 26. Qc5 Na8 27. Qa7
Nc7 28. Rb1 b5 29. cxb5 cxb5 30. Rfc1 Rg7 31. Qa8# 1-0

[Event "Top Jeunes"]
[Site "Montpellier"]
[Date "2010.11.21"]
[Round "2.4"]
[White "Arnaud-Audiffren, Alexandre"]
[Black "Froment, Theophile"]
[Result "0-1"]
[WhiteElo "1519"]
[BlackElo "1877"]
[PlyCount "96"]

1. d4 Nf6 2. Bf4 g6 3. e3 Bg7 4. Nd2 d6 5. Ngf3 O-O 6. h3 c5 7. c3 b6 8. Be2
Ba6 9. O-O Bxe2 10. Qxe2 Nc6 11. Rac1 Qc7 12. Rfd1 Rfe8 13. dxc5 dxc5 14. b4
cxb4 15. cxb4 Qb7 16. a3 Nd8 17. Nc4 Qa6 18. Qa2 Ne6 19. Bh2 Rab8 20. Rb1 Ne4
21. Qc2 Nc3 22. Nd6 exd6 23. Rxd6 Qxa3 24. Rd3 Rbc8 25. Rf1 Qa2 26. Qxa2 Nxa2
27. Rb1 Nc3 28. Re1 Red8 29. Rxd8+ Rxd8 30. Ne5 Rd5 31. Nc6 Rb5 32. Nxa7 Rxb4
33. Nc6 Rb3 34. Ne5 Rb5 35. Nc4 Nc5 36. Nd6 Rb3 37. g4 Nd3 38. Rf1 Kf8 39. Nc4
Ke7 40. Kg2 Ke6 41. Ra1 Kd5 42. Nd6 Be5 43. Nxf7 Bxh2 44. Kxh2 Nxf2 45. Ng5 Rb2
46. Kg3 Nfe4+ 47. Nxe4 Nxe4+ 48. Kf4 Rf2# 0-1

[Event "Top Jeunes"]
[Site "Montpellier"]
[Date "2010.11.21"]
[Round "2.5"]
[White "Meunier, Clement"]
[Black "Sambuc, David"]
[Result "1-0"]
[WhiteElo "1841"]
[BlackElo "1310"]
[PlyCount "55"]

1. e4 e5 2. Nf3 d6 3. c3 Bd7 4. Bc4 Qe7 5. O-O Nf6 6. d4 Nxe4 7. Re1 Bc6 8. d5
Nc5 9. dxc6 Nxc6 10. Bb5 Qd7 11. Nd4 f6 12. Qf3 e4 13. b4 O-O-O 14. Qe2 d5 15.
bxc5 Bxc5 16. Nxc6 bxc6 17. Ba6+ Kb8 18. Be3 Qd6 19. Nd2 Bb6 20. a4 Ba5 21.
Reb1+ Ka8 22. Bb7+ Kb8 23. Qa6 Bb6 24. a5 c5 25. axb6 cxb6 26. Qxa7+ Kc7 27.
Bxd5+ Kc8 28. Qb7# 1-0

[Event "Top Jeunes"]
[Site "Montpellier"]
[Date "2010.11.21"]
[Round "2.6"]
[White "Marty, Pierre-Michel"]
[Black "Raynaud, Jean-Philippe"]
[Result "0-1"]
[WhiteElo "1160"]
[BlackElo "1620"]
[PlyCount "68"]

1. Nf3 Nf6 2. d4 d5 3. Nc3 Bg4 4. Bg5 e6 5. h3 Bh5 6. g4 Bg6 7. e3 Bb4 8. Qd2
O-O 9. Bd3 Nbd7 10. Bxg6 fxg6 11. Ne5 c6 12. a3 Ba5 13. b4 Bb6 14. Nxd7 Qxd7
15. Bxf6 gxf6 16. e4 dxe4 17. Nxe4 Qxd4 18. c3 Qxe4+ 19. Qe2 Qxh1+ 20. Qf1
Qxf1+ 21. Kxf1 Rad8 22. c4 Rd2 23. f4 Bd4 24. Re1 Rf2+ 25. Kg1 Re2+ 26. Kf1
Rxe1+ 27. Kxe1 e5 28. Ke2 exf4 29. Kf3 Be3 30. a4 Rd8 31. b5 Rd2 32. bxc6 f5
33. gxf5 gxf5 34. c7 Rf2# 0-1